| 000 | 00700nam a2200241 i 4500 | ||
|---|---|---|---|
| 001 | 134297 | ||
| 003 | ES-MaACL | ||
| 005 | 20230906194638.0 | ||
| 007 | t| | ||
| 008 | 070907s1986 sp ||||1| spa d | ||
| 020 | _a84-270-1086-9 | ||
| 080 | _a83-311.9"19" | ||
| 080 | _a82(Watson, I. 7 J.03=6) | ||
| 100 | 1 |
_aWatson, Ian. _9116188 |
|
| 245 | 1 | 3 |
_aEl jardín de las delicias / _cIan Watson ; traducción de J. A. Bravo. |
| 260 |
_aBarcelona : _bMartínez Roca, _c[1986] |
||
| 300 |
_a210 p. ; _c20 cm. |
||
| 490 | 1 |
_aSuperficción ; _v102 |
|
| 700 | 1 |
_aBravo, J. A. _931457 |
|
| 830 | 0 |
_aSuperficción ; _v102 _9219836 |
|
| 852 |
_aES-MaACL _jG-2865 _bR.114347 |
||
| 999 |
_c134297 _d134297 |
||